000 00354nam a2200145Ia 4500
005 20251222144735.0
008 251222s9999||||xx |||||||||||||| ||spa||
020 _a978-607-442-387-7
082 _a658.18/D23
100 _aDaniels, John D.
245 0 _aNegocios Internacionales:
250 _a12a.ed.
264 _bPearson Educación
942 _cLIB
999 _c18750
_d18750